00263nam a2200085Ia 4500008004100000100001900041245006800060260004100128300000800169201217s9999 xx 000 0 und d aAoki, Masahiko 0aInformation, Incentives, and Bargaining in the Japanese Economy aNew YorkbCambridge University Press a320